Detalles MARC
| 000 -LEADER |
| fixed length control field |
01685nam a2200241 a 4500 |
| 008 - CAMPO DE CONTROL (LIBRO) |
| fixed length control field |
120515t2012 ag a|||g |||| 001 0 spa d |
| 020 ## - INTERNATIONAL STANDARD BOOK NUMBER |
| ISBN |
S/N |
| 041 ## - CODIGO DE IDIOMA |
| Código de idioma del texto/pista de sonido o título separado |
spa |
| 092 ## - SIGNATURA TOPOGRAFICA DEWEY LOCAL |
| número de clasificación |
344 |
| libristica |
54 |
| sección |
MUÑ |
| 100 1# - ENTRADA PRINCIPAL--NOMBRE PERSONAL |
| Nombre personal |
Muñoz Villagran, Jorge L. |
| Función |
Coord. |
| 9 (RLIN) |
3526 |
| 245 ## - TITULO PROPIAMENTE DICHO |
| Título |
Pedagogía política en Don Jaime de Nevares / |
| Mención de responsabilidad y remanente de la transcripción de la portada |
Jorge L. Muñoz Villagran |
| 250 ## - MENCION DE EDICION |
| Mención de edición |
2a ed. |
| 260 ## - PIE DE IMPRENTA |
| Lugar de publicación, distribución, etc |
Neuquén [Neuquén ; Argentina]: |
| Nombre de la editorial, distribuidor, etc |
Kuruf ; EDUCO; |
| Fecha de publicación |
2012. |
| 300 ## - DESCRIPCION FISICA |
| Extension |
311 p. |
| Otros detalles físicos |
il. |
| 500 ## - NOTA GENERAL |
| Nota general |
Muñoz Villagran, J. (Coord.). (2012). Pedagogía política de Don Jaime de Nevares. (2a ed.). Neuquén : EDUCO. |
| 505 ## - NOTA DE CONTENIDO |
| Nota de contenido formateada |
En la larga historia de Jaime de Nevares en Neuquén podemos encontrar ideas y prácticas sobre las cuales ir avanzando y discutiendo, en procura de una forma de hacer política que difiera de los que comúnmente se asume hoy como "actividad política". A partir de algunas de las posturas ideológicas y actos de De Nevares se puede pretender una acción política sincera, confiada, de base popular, coherente en el tiempo y las situaciones, a la vez que responsable y liberadora. Un recorrido por las ideas, discurso y prácticas políticas en la vida de Don Jaime permite revalorizar y hacer querible una de las actividades más nobles en el ser humano, el servicio público... es decir, la política. |
| 653 ## - TÉRMINO INDIZADO - PALABRAS CLAVES |
| Palabra clave |
Capitulo I: Pedagogía Política en Don Jaime |
| 653 ## - TÉRMINO INDIZADO - PALABRAS CLAVES |
| Palabra clave |
Capitulo II: Don Jaime, la universidad Nacional del Comahue y el "norte neuquino" |
| 653 ## - TÉRMINO INDIZADO - PALABRAS CLAVES |
| Palabra clave |
Capitulo III: Don Jaime y los chilenos en Neuquén |
| 653 ## - TÉRMINO INDIZADO - PALABRAS CLAVES |
| Palabra clave |
Capitulo IV: Don Jaime en nuestros historiadores |
| 653 ## - TÉRMINO INDIZADO - PALABRAS CLAVES |
| Palabra clave |
Breve reseña de la vida de Jaime Francisco de Nevares |
| 942 ## - ADDED ENTRY ELEMENTS (KOHA) |
| Source of classification or shelving scheme |
Dewey Decimal Classification |
| Item type |
Libros |